| 000 | 00438nam a22001697a 4500 | ||
|---|---|---|---|
| 003 | NUST - PNEC | ||
| 005 | 20170116181122.0 | ||
| 008 | 150811b xxu||||| |||| 00| 0 eng d | ||
| 020 | _a812192197X | ||
| 040 | _cLIBRARY | ||
| 082 | _a425 WRE | ||
| 100 |
_95144 _aWren, P.C. |
||
| 245 |
_aHigh school english grammar and composition _cP.C. Wren |
||
| 260 | _cc.2008 | ||
| 650 |
_95145 _aEngineering Grammar _xGeneral |
||
| 942 |
_2ddc _cBK |
||
| 999 |
_c69608 _d69608 |
||